000 01028nkm a2200241 i 4500
001 3054
003 ES-MaACL
005 20250713062542.0
007 khrbo
008 041112s1981 sp --- g |001||spa d
100 0 _aAlfonso,
_d1902-1990
_919858
245 1 0 _aCertamen nacional de acordeón en honor de S.M. la Reina Doña Sofía [
_hFotografía] /
_cAlfonso (sello).
260 _a[S.l. :
_bs.n.],
_c1981.
300 _a3 fot. :
_bb. y n. ;
_c12 x 18 cm.
500 _aDatos basados en invitación.
518 _aActo organizado por el Ateneo de Madrid en colaboración con la Escuela Española de Acordeón, celebrado en el salón de actos el 19 de diciembre de 1981, a las 16:00 h.
610 2 4 _aAteneo de Madrid-
_xActos culturales-
_y1981-
_vFotografías.
_91892
710 2 _aAteneo de Madrid.
_91875
710 2 _aEscuela Española de Acordeón.
_93564
852 _aES-MaACL
_jFOT 87/1981
856 4 _uhttp://www.ateneodemadrid.net/biblioteca_digital/imagenes/1981/0087-1981.jpg
_zVer imagen
999 _c3054
_d3054